000 00727nam a2200241 a 4500
001 BRCA_574
005 20190320203053.0
008 171005s1990----sp-a---###---#000-0#spa-d
020 _a8476300050
041 _aspa
044 _asp
050 4 _aGT513
_b.R33 1990
100 1 _aRacinet, Albert
_91980
245 1 0 _aHistoria del vestido
_cAlbert Racinet ; traducción Manuel Franco ; introducción de Aileen Ribeiro.
260 _aMadrid
_bLibsa
_c1990
300 _a320 p.
_bil. a color
_c32 cm.
500 _aIncluye índice temático
650 1 4 _aIndumentaria
_xHistoria
_91981
650 1 4 _aPrendas de vestir
_xHistoria
_91982
700 1 _aFranco, Manuel
_etr.
_91983
700 1 _aRibeiro, Aileen
_91984
942 _2lcc
_cB
999 _c504
_d504